[Event "Bundesliga 0405"]
[Site "Germany"]
[Date "2005.04.10"]
[Round "15.2"]
[White "Almasi, Zoltan"]
[Black "Skytte, Rasmus"]
[Result "1/2-1/2"]
[WhiteElo "2650"]
[BlackElo "2392"]
[Annotator "Finkel,A"]
[PlyCount "131"]
[EventDate "2004.11.12"]
[EventType "team-tourn"]
[EventRounds "15"]
[EventCountry "GER"]
[SourceTitle "CBM 107"]
[Source "ChessBase"]
[SourceDate "2005.08.01"]
[SourceVersion "1"]
[SourceVersionDate "2005.08.01"]
[SourceQuality "1"]
[WhiteTeam "Kreuzberg"]
[BlackTeam "Preetz"]
[WhiteTeamCountry "GER"]
[BlackTeamCountry "GER"]

1. e4 d5 2. exd5 Qxd5 3. Nc3 Qa5 4. d4 Nf6 5. Nf3 c6 6. Bd2 Bf5 7. Bc4 e6 8.
Nd5 (8. Qe2 Nbd7 9. d5 cxd5 10. Nxd5 Qd8 11. Nxf6+ Qxf6 12. Bc3 Bb4 13. Bxb4
Qxb2 14. O-O Qxb4 15. Rab1 Qd6 16. Rxb7 Nc5 17. Bb5+ Kf8 $13) 8... Qd8 9. Nxf6+
Qxf6 10. Bc3 Qd8 {Black doesn't have to retreat to d8 right away. Another
playable continuation is 10...Bg4 with mutual chances.} (10... Bg4 11. Be2 Qd8
(11... Qf4 12. h3 Bf5 13. Bd2 Qc7 14. Be3 h6 15. Qd2 Nd7 16. c4 O-O-O 17. O-O
g5 $132 {Ilandzis,S-Konopka,M/Olomouc 2003}) 12. h3 Bh5 13. Qd2 Nd7 14. O-O-O
Nf6 15. g4 Bg6 16. Ne5 Bd6 17. f3 Nd5 $13 {Koch,J-Relange,E/France 1993}) (
10... Be7 11. O-O Nd7 12. d5 Qg6 13. dxc6 bxc6 14. Qxd7+ Kxd7 15. Ne5+ Ke8 16.
Nxg6 hxg6 17. Bxg7 Rh7 18. Be5 Bxc2 $11 {Ernst,J-Schrevens,J/Vielsalm 1997}) (
10... Qg6 11. Nh4 Qg4 12. Nxf5 Qxf5 13. O-O Be7 14. Re1 Nd7 15. Re3 O-O 16. Qe2
$14 {Kountz,J-Kuehn,P/Germany 1998}) (10... Be4 11. d5 Bxf3 12. gxf3 Qf4 13.
Qe2 cxd5 14. Bxd5 Nc6 15. Be4 Rd8 16. Qb5 Qc7 17. Ke2 $13 {Akopyan,
H-Zilberstein,D/San Francisco 1999}) (10... Bd6 11. Qe2 Qe7 12. O-O-O Nd7 13.
Ne5 $6 Qg5+ 14. Kb1 Bxe5 15. dxe5 Qxg2 16. Rhg1 Qe4 17. Qxe4 Bxe4 18. Rxg7 Nb6
19. Be2 Bg6 $15 {Arakhamia Grant,K-Repkova,E/Wrexham 2002}) 11. Qe2 (11. Ne5
Nd7 12. Qe2 Nxe5 13. dxe5 Bc5 14. O-O Qh4 15. b4 Bb6 16. Bb3 O-O $11 {Van
Riesen,K-Wagner,R/Germany 1999}) 11... Be7 12. Ne5 $5 {This move is a pawn
sacrifice, which was eventually declined by black.} (12. h3 Nd7 13. Rd1 Qc7 14.
O-O Nb6 15. Ba5 O-O 16. Bb3 {1/2-1/2 Jacquemin,W-Almazan,J/Paris 2001/EXT 2002
(16)}) (12. O-O-O O-O $6 13. Ne5 Bf6 14. g4 Bg6 15. h4 Bxh4 16. f4 $18 {
Klovans,J-Schwertel,J/Saint Vincent 2001}) 12... b5 13. g4 Bg6 14. Bb3 b4 15.
Nxg6 hxg6 16. Bd2 Nd7 $6 (16... Qxd4 {Black should've taken the pawn on d4:}
17. O-O-O (17. c3 bxc3 18. Bxc3 Bb4 $17) 17... Bf6 18. Bc3 Qf4+ 19. Bd2 Qd4 20.
c3 bxc3 21. Bxc3 Qc5 $15) 17. O-O-O Nb6 18. Rhe1 Qd6 (18... a5 {deserved
attention:} 19. Bxe6 fxe6 20. Qxe6 Qd7 21. Qxg6+ Kf8 22. Re6 Nd5 23. Rde1 Bf6
$15) 19. Qa6 $1 O-O (19... Rxh2) 20. Re4 Rfd8 21. Rde1 {Black's counterplay on
the queenside is stopped for a while, so White can prepare for the kingside
attack.} Nd5 22. g5 c5 23. Qd3 cxd4 24. Qh3 Re8 25. Rxd4 Rad8 26. Rh4 f5 27.
gxf6 (27. Rxb4 $5 Bxg5 28. Bxg5 Qxb4 29. c3 Qd6 30. Bxd8 Rxd8 31. Kb1 $14)
27... Bxf6 28. Rh8+ Kf7 29. Rxe8 Rxe8 30. Qd3 a5 31. f4 {[%csl Ge5,Rf4][%cal
Ge1g1]} ({Nothing promised} 31. Qb5 Qb6 (31... Nf4 {[%cal Gd6d4]} 32. Be3 Qe5
33. Qxe5 Bxe5 34. Bb6 Bd6 35. Bxa5 Rh8 36. Re4 g5 37. Bxb4 Bxb4 38. Rxb4 Rxh2
$132) 32. Qxb6 Nxb6 33. a3 a4 34. Ba2 bxa3 35. bxa3 Nd5 36. Re4 $14) (31. Rg1
$6 Qe5 $132 {[%csl Rb2]}) 31... Qc6 32. Bc4 Qc5 {[%cal Gc5d4]} 33. Qe4 Qd4 34.
Qxd4 Bxd4 35. Re2 Bc5 (35... Rh8 $5) 36. Bxd5 exd5 37. Rxe8 Kxe8 38. c3 Kd7 39.
Kc2 Kc6 40. Kd3 Kb5 $11 {The endgame is drawish, but Almasi plays it till bare
kings.} 41. h3 Ba7 42. cxb4 axb4 43. Be3 Bb8 44. Bc1 Kc5 45. a4 bxa3 46. bxa3
Bc7 47. Bd2 d4 48. a4 Bb8 49. a5 Bc7 50. Bc1 Bb8 (50... Bxa5 51. Bb2 Kd5 52.
Bxd4 Bc7 $11) 51. a6 Ba7 52. Bb2 Kd5 53. Ba3 Kc6 54. Ke4 Kb5 55. Kd3 Kxa6 56.
Bb2 Kb7 57. Bxd4 Bxd4 58. Kxd4 Kc7 59. Ke5 Kd7 60. f5 gxf5 61. Kxf5 Ke7 62. Kg6
Kf8 63. h4 Kg8 64. h5 Kh8 65. h6 gxh6 66. Kxh6 1/2-1/2

[Event "Minneapolis HB Global op"]
[Site "Minneapolis"]
[Date "2005.05.19"]
[Round "3"]
[White "Schneider, Igor"]
[Black "Gonzalez, Renier"]
[Result "1/2-1/2"]
[WhiteElo "2322"]
[BlackElo "2483"]
[Annotator "Finkel,A"]
[PlyCount "83"]
[EventDate "2005.05.18"]
[EventType "swiss"]
[EventRounds "9"]
[EventCountry "USA"]
[SourceTitle "CBM 107"]
[Source "ChessBase"]
[SourceDate "2005.08.01"]
[SourceVersion "1"]
[SourceVersionDate "2005.08.01"]
[SourceQuality "1"]

1. e4 d5 2. exd5 Qxd5 3. Nc3 Qa5 4. d4 Nf6 5. Nf3 c6 6. Bc4 Bf5 7. Ne5 $5 e6 8.
g4 Bg6 9. h4 Bd6 10. h5 (10. Bf4 $6 Bxe5 (10... Ne4 $5 11. Rh3 Nd7 12. Qe2 Nxe5
13. dxe5 Bb4 14. Kf1 Bxc3 15. bxc3 h5 $17 {Vega Gutierrez,S-Fierro Baquero,M/
Benasque 2001}) 11. Bxe5 (11. dxe5 Ne4 12. Rh3 h5 13. Be2 Nd7 14. Qd4 hxg4 15.
Bxg4 O-O-O 16. b4 Qb6 17. Qxb6 Nxb6 $15 {Friedel,J-Becerra Rivero,J/
Connecticut 2004}) 11... Nbd7 12. Bxf6 Nxf6 13. h5 Be4 14. f3 (14. O-O O-O-O
15. Nxe4 Nxe4 16. c3 Qg5 17. f3 Ng3 18. Re1 Nxh5 19. Re5 Qxe5 20. dxe5 Rxd1+
21. Rxd1 Nf4 $17 {Koenig,C-Kleinegger,F/Ruhrgebiet 1998}) 14... Bd5 15. Bxd5
Nxd5 16. Qd2 Nxc3 17. Qxc3 $11 {Mahjoob,M-Zelcic,R/Mallorca 2004}) (10. Qe2
Bxe5 11. dxe5 Ne4 12. Rh3 h5 13. Bf4 hxg4 14. Qxg4 Qb4 15. Bxe6 Nxc3 16. bxc3
Qe4+ 17. Re3 Qh1+ 18. Kd2 Qxh4 19. Qxh4 Rxh4 20. Bg3 Rh8 21. Bg4 $14 {Sudakova,
I-Repkova,E/Rijeka 2004}) 10... Be4 11. O-O $5 {Threatening to win the bishop
by g5. Black's reply is forced since 11...B:e5 leads to an advantage for White.
} (11. f3 Bd5 12. Bxd5 Nxd5 13. Bd2 Nxc3 14. Bxc3 Qd5 15. Qe2 Nd7 16. Nxd7 Bg3+
17. Kf1 Kxd7 $11 {Luodonpaa,M-Puittinen,M/Jyvaskyla 2003}) (11. Rh3 Bd5 12. Bd3
Nbd7 13. g5 Bxe5 14. dxe5 Ne4 15. Bxe4 Bxe4 16. Qd6 Bxc2 $17 {Mazariego,
S-Fierro Baquero,M/Ecuador 2003}) 11... Bd5 (11... Bxe5 12. dxe5 Qxe5 13. Qe2 {
[%csl Re4][%cal Gg4g5]} (13. Re1 Nbd7 14. g5 Bxc2 15. Rxe5 Bxd1 16. Re1 Bxh5
17. gxf6 Nxf6 $13) 13... Nbd7 14. g5 Bd5 15. gxf6 Bxc4 16. Qxc4 Qxh5 17. Qe2
$14) 12. Bd3 Bxe5 $5 (12... h6) 13. dxe5 Nfd7 14. Qe2 Qd8 $6 ({Missing a
chance to get reasonable counterchances after} 14... Nc5 15. Bd2 Nxd3 16. Ne4
Qd8 17. Nd6+ Kf8 18. cxd3 Qh4 19. Ne4 Nd7 20. Bf4 c5 $132 {[%cal Gh7h6,Gf8g8,
Gg8h7]}) 15. Bd2 $6 {White returns the favor by deviating from} (15. Be4 $1 Nc5
16. Nxd5 Nxe4 (16... cxd5 17. Bg2 Nc6 18. f4 Qe7 19. Be3 $14) 17. Ne3 $14 {
[%cal Ge3c4,Gc4d6] with considerable edge.}) 15... Nc5 16. Nxd5 cxd5 17. Bb4
Nbd7 $6 (17... Nxd3 $1 18. cxd3 Nc6 19. Bd6 g6 $1 20. h6 Qh4 $36 {[%cal Gc6d4]}
) 18. Bb5 b6 19. c4 d4 20. Rad1 a6 21. Bc6 $1 (21. Bxd7+ Qxd7 22. Bc3 d3 23.
Qf3 Rd8 24. Rfe1 {[%csl Rd3]} a5 $132) 21... Rc8 22. Bxc5 bxc5 23. Bb7 Rc7 24.
Bxa6 Ra7 25. Bb5 Rxa2 26. Qe4 {[%cal Gb2b4]} O-O (26... Rxb2 $2 27. Bxd7+ Qxd7
28. Qa8+ Qd8 29. Qc6+ Qd7 30. Qxc5 $16) 27. b4 $14 Qe7 28. Bxd7 Qxd7 29. bxc5
Ra5 30. Qxd4 $6 (30. Rxd4 Qc7 31. h6 Qxc5 (31... gxh6 32. Re1 Rxc5 33. Qf4 Rc8
34. Ree4 $14) 32. hxg7 Kxg7 33. Re1 $14) 30... Qc7 31. Rfe1 Rxc5 32. Re4 h6 $44
33. Rc1 Rc8 34. Qe3 Qe7 35. Kg2 Qb7 36. Kh2 Qe7 37. Kh3 Ra5 38. Kg2 Ra3 39. Rc3
Ra1 40. c5 Qb7 41. Rb3 Qa6 42. Qd3 1/2-1/2

[Event "Minneapolis HB Global op"]
[Site "Minneapolis"]
[Date "2005.05.22"]
[Round "9"]
[White "Sadvakasov, Darmen"]
[Black "Gonzalez, Renier"]
[Result "1/2-1/2"]
[WhiteElo "2605"]
[BlackElo "2483"]
[Annotator "Finkel,A"]
[PlyCount "139"]
[EventDate "2005.05.18"]
[EventType "swiss"]
[EventRounds "9"]
[EventCountry "USA"]
[SourceTitle "CBM 107"]
[Source "ChessBase"]
[SourceDate "2005.08.01"]
[SourceVersion "1"]
[SourceVersionDate "2005.08.01"]
[SourceQuality "1"]

{[%mdl 32]} 1. e4 d5 2. exd5 Qxd5 3. Nc3 Qa5 4. d4 Nf6 5. Nf3 (5. Bd2 c6 6. Bc4
Bf5 7. Nd5 Qd8 8. Nxf6+ gxf6 9. Nf3 Nd7 (9... Bg4 10. c3 e5 $2 11. dxe5 fxe5
12. Qb3 Qe7 13. Ng5 Bh5 14. O-O h6 15. Ne4 $16 {Aarts,M-Wezenaar,F/Hengelo 1997
}) (9... Rg8 $5 10. Bf4 e6 11. g3 $6 (11. Bg3) 11... Bg4 12. Be2 Qb6 13. Rb1
Qa5+ 14. c3 Qxa2 15. O-O Nd7 $15 {Hodova,L-Yildiz,B/Balatonlelle 2002}) 10. O-O
e6 11. Re1 Nb6 12. Bb3 Qc7 13. c4 O-O-O 14. a4 c5 15. a5 Nd7 16. a6 b6 17. Bc2
$16 {Keskisarja,T-Nykopp,J/Vantaa 1996}) 5... c6 6. Bc4 Bf5 7. Bd2 e6 8. Nd5
Qd8 9. Nxf6+ gxf6 10. c3 (10. O-O Bd6 11. Re1 Nd7 12. Qe2 Nb6 13. Bb3 Qd7 14.
c4 Bc7 15. Rad1 O-O-O 16. Bc3 Qe7 17. d5 $14 {Liebold,T-Frackowiak,O/
Neumuenster 1999}) (10. Bb3 Nd7 (10... Na6 11. Qe2 Qe7 12. O-O-O O-O-O 13. Nh4
Bg6 14. Ba5 Nc7 15. f4 b6 16. Bc3 Nb5 $13 {Helm,L-Hoffmann,P/Willingen 2001}) (
10... Qc7 11. Nh4 Bg6 12. Qf3 Nd7 13. Qh3 Bg7 14. Nf3 O-O-O 15. O-O f5 16. Bh6
Bxh6 17. Qxh6 $14 {Kveinys,A-Sailer,W/Bad Woerishofen 2003}) 11. Qe2 a5 $6 (
11... Bd6 12. O-O-O Qc7 13. Nh4 Bg6 14. g3 $14 {Westerinen,H-Smeets,J/
Hoogeveen NED 1999}) (11... Qc7 12. O-O-O (12. Nh4 Bg6 13. f4 O-O-O 14. O-O-O
$14 {Savanovic,A-Tzermiadianos,A/Korinthos GRE 1999}) 12... O-O-O 13. Nh4 Bg6
14. Nxg6 (14. g3 Bd6 15. Rhe1 Kb8 16. Kb1 Rc8 17. Nxg6 hxg6 18. h4 Ka8 19. Rh1
$14 {1/2-1/2 Fedorov,A-Papaioannou,I/Leon 2001/CBM 086 (19)}) 14... hxg6 15. g3
Bd6 16. h4 Rh5 17. Kb1 Rdh8 18. Rhe1 Kb8 19. Bc1 Rc8 20. Qd3 $14 {Fedorov,
A-Savic,M/Neum 2004}) (11... Bg7 12. O-O-O O-O 13. Nh4 Bg6 14. Nxg6 hxg6 15. h4
f5 16. g4 fxg4 17. h5 $16 {Zagrebelny,S-Tassopoulos,M/Agios Kirykos 2004}) 12.
a4 Be7 13. O-O-O Nb6 $6 14. c4 Nd7 15. Bf4 Qb6 16. Bc2 Bxc2 17. Qxc2 Nf8 18.
Kb1 $14 {Bologan,V-Hauchard,A/Belfort 1999}) 10... Nd7 (10... Qc7 11. Nh4 Bg6
12. Qf3 Nd7 13. Qh3 Bg7 14. O-O O-O-O 15. Rfe1 Nb6 16. Bf1 $14 {Borriss,
M-Kassebaum,R/Germany 1996/GER-chT}) 11. Qe2 {White keeps the better chances
after the move in the game, but 11.Nh4 appears to be a better try.} (11. Nh4
Nb6 12. Bb3 Bg6 13. Qf3 Be7 14. g3 Qd7 15. O-O f5 16. Ng2 Nd5 17. Nf4 $14 {
Grischuk,A-Bauer,C/Port Barcares 2005}) 11... Qc7 12. Nh4 Bg6 13. O-O (13.
O-O-O O-O-O 14. g4 Nb6 15. Bb3 Nd5 16. Qf3 Be7 17. Nxg6 hxg6 18. c4 Nb6 19. Bf4
Qd7 20. Kb1 g5 $11 {Gara,T-Drabke,L/Budapest 2002}) 13... O-O-O 14. b4 f5 15.
g3 $1 {The knight goes to g2 to support Bf4.} Bd6 16. Ng2 Rde8 (16... Nb6 $6
17. Bb3 Nd5 $2 18. c4 Nf6 19. c5 Be7 20. Bf4 Qd7 21. Qe5 $18) 17. Rfe1 Nf6 18.
Bf4 Rhg8 (18... Nd5 $6 19. Bxd5 cxd5 20. Rac1 Kb8 21. c4 dxc4 22. Rxc4 Qd7 23.
Be5 Rhg8 24. Nf4 $16) 19. Bxd6 Qxd6 20. Qe5 $1 {Trading the queens is the best
way to increase an advantage.} (20. Nf4 $2 Qxf4 21. gxf4 Bh5+ 22. Kf1 Bxe2+ 23.
Kxe2 Rg4 $17) 20... Qxe5 21. dxe5 Nd5 22. Rac1 (22. Bxd5 $6 cxd5 23. Rec1 Bh5
24. c4 dxc4 (24... d4 $2 {[%csl Rd4]} 25. Nf4 Bf3 26. a4 $1 Rd8 27. Ra3 $18 {
[%csl Rd4][%cal Gf2f3,Gg1f2,Ga3d3,Gc1d1]}) 25. Rxc4+ Kb8 26. Nf4 Bf3 27. Rc3
Bc6 28. a4 a6 29. Rb3 $14) 22... Rd8 23. Bb3 Rd7 24. a3 {[%cal Gc3c4]} Rgd8 25.
Kf1 (25. c4 Nb6 26. Nf4 Rd2 27. h4 h6 28. c5 Nd5 29. Bxd5 cxd5 30. Red1 Ra2 31.
Rd3 Kc7 32. Kg2 $14) 25... c5 26. f3 Ne7 27. Nf4 Rd2 28. Re2 (28. h4 $1 Rh2
$140 29. Kg1 Rdd2 30. Bd1 Nd5 31. Ne2 $18 {[%csl Rh2]}) 28... Rxe2 29. Kxe2 Nc6
30. h4 c4 $1 31. Ba4 Nxe5 32. h5 a6 (32... Nd3 33. Rh1 Nxf4+ 34. gxf4 Rd3 35.
hxg6 hxg6 36. Rc1 $18) 33. hxg6 $2 (33. Bc2 $1 Nd3 34. Rh1 Nxf4+ 35. gxf4 $16)
33... hxg6 $132 34. Rh1 (34. Rd1 Rh8 35. Ke3 g5 36. Ne2 b5 37. Bc2 Rh2 38. Rd2
Rg2 39. a4 Kc7 $14) 34... g5 35. Nh3 Rd3 36. Nxg5 Rxc3 $6 (36... b5 $1 {
[%csl Ra4]} 37. Bd1 Rxc3 38. Rh8+ (38. f4 $6 Nc6 $13) 38... Kd7 39. a4 Nc6 40.
Nxf7 Ke7 41. Ng5 Nd4+ 42. Ke1 $14) 37. Be8 $1 $16 Rxa3 38. Bxf7 $6 (38. f4 $5
Ng4 39. Rh8 Re3+ 40. Kd2 $16) 38... Ra2+ 39. Ke3 Ra3+ 40. Kd4 Nxf7 41. Nxf7
Rxf3 42. Kc5 $6 (42. Nd6+ Kd7 (42... Kc7 43. Nxc4 Rxg3 44. Rh7+ Kb8 $6 45. Nd6
$18) 43. Nxc4 Rxg3 44. Rh7+ Kc6 45. Ne5+ Kb6 46. Re7 Rh3 47. Nc4+ Kb5 48. Rxb7+
Ka4 $16) 42... c3 43. Nd6+ Kd8 $1 44. Nxb7+ Ke7 45. Rg1 c2 46. Rc1 Rc3+ 47. Kd4
$1 (47. Kb6 e5 $5 (47... Rb3 $5) 48. Kxa6 e4 49. b5 e3 50. Na5 e2 51. b6 Re3
52. Re1 c1=Q 53. Rxc1 e1=Q 54. Rxe1 Rxe1 55. b7 Rb1 56. Ka7 Kf6 $11) 47... Rxg3
48. Rxc2 Rb3 49. Kc4 Ra3 50. Nc5 (50. Re2 $5) 50... e5 51. Kd5 e4 52. Ke5 e3
53. Kxf5 (53. Re2 $5 f4 $1 (53... a5 $2 54. b5 f4 55. Kxf4 Kd6 56. Rc2 Kc7 57.
Ne4+ $1 Kb8 (57... Kb6 58. Nd6 Rd3 59. Rc6+ Ka7 60. b6+ $18) 58. Nd6 Rb3 59.
Rc6 e2 60. b6 $18 {[%csl Rb8]}) 54. Kxf4 Kd6 55. Rc2 (55. Rxe3 Rxe3 56. Kxe3 a5
57. Nb7+ Kc6 58. Nxa5+ Kb5 $11) 55... Kc6 56. Nd3+ Kb5 $11) 53... Kd6 $11 54.
Ke4 Kc6 55. Kd4 Kb5 56. Rb2 e2 57. Rxe2 a5 58. bxa5 Rxa5 59. Kd5 Kb4 60. Re4+
Kc3 61. Re3+ Kd2 62. Re8 Ra7 63. Kd4 Rh7 64. Ne4+ Kc2 65. Rc8+ Kb2 66. Nf2 Rd7+
67. Ke3 Kb3 68. Nd3 Rh7 69. Nc5+ Kb4 70. Kd4 1/2-1/2

[Event "POL-ch 54th"]
[Site "Sopot"]
[Date "1997.??.??"]
[Round "2"]
[White "Macieja, Bartlomiej"]
[Black "Myc, Marcin"]
[Result "1-0"]
[WhiteElo "2465"]
[BlackElo "2335"]
[Annotator "Finkel,A"]
[PlyCount "95"]
[EventDate "1997.03.18"]
[EventType "tourn"]
[EventRounds "15"]
[EventCountry "POL"]
[EventCategory "9"]
[SourceTitle "CBM 059"]
[Source "ChessBase"]
[SourceDate "1997.08.01"]
[SourceVersion "1"]
[SourceVersionDate "1997.08.01"]
[SourceQuality "1"]

1. e4 {Mueller,Ka} d5 2. exd5 Qxd5 3. Nc3 Qa5 4. d4 Nf6 5. Nf3 Nc6 6. Bd2 $1 {
This move makes a lot of troubles to players who like sharp tactical battles
so inherent to scandinavian defence.Strait from the opening game trnsforms
into an endgame,where black's fight for a draw is not so easy.} Bg4 7. Nb5 Qb6
8. c4 (8. a4 {Mueller,Ka} Bxf3 (8... a5 $2 9. Be3 (9. h3 Bxf3 10. Qxf3 e6 11.
c4 Nxd4 12. Nxd4 Qxd4 13. Qxb7 Qe4+ 14. Qxe4 Nxe4 15. Bd3 Nxd2 16. Kxd2 Bc5 $11
{Garcia Callejo,J-Ramiro,O/Zaragoza op-B 1995/EXT 95op/1/2-1/2 (50)}) 9... Nd5
10. c4 Nxe3 11. fxe3 Nb4 12. c5 Qc6 13. Nd6+ exd6 14. Bb5 $18 {1-0 Rychagov,
A-Olsen,P/Copenhagen op 1993/EXT 93op (21)}) 9. gxf3 (9. Qxf3 a6 10. d5 (10. a5
axb5 11. axb6 Rxa1+ 12. Bc1 Rxc1+ 13. Kd2 Rxc2+ 14. Kd1 Rxb2 15. bxc7 (15. Qa3
Rb1+ 16. Kc2 Rxf1 17. Qa8+ Kd7 18. Rxf1 e6 19. Qxb7 Nd5 $19 {Fridmans,
R-Zilberstein,D/WchJM-U14 Bratislava 1993/TD 93\05/1-0 (53)}) 15... Kd7 16. d5
Rb1+ 17. Kd2 Nd4 (17... Kxc7 18. dxc6 bxc6 19. Kc2 Rb4 $17 {0-1 Jocyte,
R-Bandziene,R/LTU-chW Vilkaviskis 1994/EXT 94ch (36)}) 18. c8=Q+ Kxc8 19. Qc3+
Nc6 20. Qh3+ e6 21. dxc6 bxc6 22. Kc2 Rb4 $17 {0-1 Maroczy,G-Van den Bosch,J/
NLD m1 1930/HCL 28 (40)}) 10... Ne5 11. Qg3 Ne4 12. Qf4 Nxd2 13. Qxe5 axb5 14.
Kxd2 bxa4 $15 {0-1 Lecuyer,C-Prie,E/FRA-chT 1993/TD 93\08 (40)}) 9... Nxd4 10.
Be3 e5 11. c3 a6 (11... O-O-O 12. Bh3+ Kb8 13. cxd4 a6 14. d5 Qa5+ 15. Nc3 Bb4
16. Qc2 Nxd5 17. Bd2 $14 {1-0 Oll,L-Linan Baena,J/Malaga op 1991/EXT 91op (32)}
) 12. cxd4 axb5 13. Bxb5+ c6 14. dxe5 Qa5+ 15. Bd2 Bb4 16. O-O Bxd2 17. exf6
O-O-O $13 {1-0 Tissir,M-Nascimento,A/Erevan olm 1996/EXT 96ch2 (37)}) (8. h3 $2
{Mueller,Ka} Bxf3 9. Qxf3 O-O-O 10. Bd3 a6 11. Nc3 Nxd4 $19 {0-1 Romanovsky,
P-Tschepurnoff,A/St.Petersburg All-Russian 1909/HCL 40 (24)}) 8... Bxf3 9. Qxf3
Nxd4 10. Nxd4 Qxd4 11. Qxb7 (11. Bc3 $2 {Mueller,Ka} Qe4+ 12. Qxe4 Nxe4 13. Bd4
O-O-O 14. Be3 e5 15. a3 Bc5 $17 {0-1 Egin,V-Shtanchaev,A/RUS-Cup5 1997/EXP 57 
(37)}) 11... Qe4+ 12. Qxe4 Nxe4 13. Be3 $14 {After 7.Nb5 this position arises
by force.Yuo don't have to be a big specialist in endgames to see that white's
position is much better.A pair of bishops and better pawns structure makes his
chances prefarable in forthcoming strugle.} (13. Ba5 {Mueller,Ka} O-O-O 14. g3
e6 {1/2-1/2 Spassky,B-Prie,E/FRA Cup 1992/EXT 92}) 13... e6 (13... e5 $6 14.
Bd3 (14. g3 $5 Bb4+ 15. Ke2 Nf6 16. Bg2 e4 17. c5 c6 18. Rac1 $16 Ba5 19. Rc4
O-O 20. Bxe4 Nxe4 21. Rxe4 Rab8 22. b3 Rb7 23. Rd1 Rc8 24. Red4 Kf8 25. Rd7
Rcc7 26. Rd8+ Ke7 27. Bf4 Rd7 28. R1xd7+ Rxd7 29. Rc8 {Stripunsky,A-Khudiakov,
I/Smolensk op 1991}) 14... Nc5 15. O-O-O Bd6 16. Bc2 Ne6 17. Ba4+ Ke7 18. Bc6
$16 {Yemelin,V-Ivanov,A/St.Petersburg op 1993 (46)}) 14. g3 $1 (14. Bd3 Nc5 15.
Bc2 (15. Be2 Rb8 16. Bd4 $6 Bd6 17. Bxg7 Rg8 18. Bd4 Rxg2 $13 {Shtyrenkov,
V-Bandza,A/Karvina op 1992/0-1 (49)} (18... Rxg2 {Mueller,Ka} 19. O-O-O Ke7 $11
{Shtyrenkov,V-Bandza,A/Karvina op 1992/EXT 92op/0-1 (49)})) 15... Be7 16. O-O-O
Rb8 17. Bxc5 $6 Bxc5 18. Ba4+ Kf8 $11 {1/2-1/2 Al Modiahki,M-Rahman,Z/Asia-J
1993 (28)} (18... Kf8 19. Rd7 Bd6 $11 {1/2-1/2 Al Modiahki,M-Rahman,Z/Asia-J
1993/EXT 93 (28)})) (14. g4 $6 O-O-O 15. Bg2 Nc5 16. Ke2 a5 17. Rab1 Be7 18.
Bd2 Rd4 $13 {Ramirez Gonzalez Juan Alberto-Ramiro Ovejero J/Ch Spain (juniors),
Los Barrios (Spain) 1995/1/2-1/2 (74)}) 14... f5 $6 (14... Rb8 $5 15. Bg2 Nc5
16. O-O-O Bd6 17. Bc6+ Kf8 18. Rd2 g6 19. Rhd1 $14 {1-0 Ruiz,J-Ramiro,J/
Ibercaja B 1996 (29)} (19. Rhd1 {Mueller,Ka} Rb6 20. Rxd6 cxd6 21. Rxd6 Nb7 22.
Bh6+ Ke7 (22... Kg8 23. Rd7 Rxc6 24. Rxb7 Rxc4+ 25. Kb1 Rc8 26. Rxa7 $18) 23.
Rd7+ Kf6 24. Bxb7 $18 {1-0 Ruiz,J-Ramiro Ovejero,J/Zaragoza-B op 1996/EXT
96op2 (29)})) (14... O-O-O 15. Bg2 Nc5 16. Ke2 Be7 (16... a5 17. b3 Na6 18. a3
$5 Be7 19. b4 $1 Bf6 (19... axb4 $2 20. axb4 Nxb4 21. Ra8+ Kd7 22. Rd1+ Ke8 23.
Rdxd8+ Bxd8 24. Bc5 $1 $18) 20. Rab1 axb4 21. axb4 $16 {Gonzalez D-Ramiro
Ovejero J L/Ch Spain (juniors), Los Barrios (Spain) 1995 (31)}) 17. b3 a6 18.
Rad1 Nb7 19. Bd4 Rhg8 20. Bc3 $14 {Wagner,A-Bandza,A/Munich op9192 1992/1-0 
(96)}) 15. Bg2 O-O-O 16. Bxe4 $1 $16 {Now a pawn on e4 becomes a target for
white pieces.} Bb4+ $6 {Another dubious move after which black's task becomes
even more difficult.It was better to play} (16... fxe4 17. Ke2 (17. Bxa7 $6
Bb4+ 18. Kf1 Rd2 19. Rb1 c5 $1 20. a3 Rf8 21. f4 Kb7 22. axb4 Kxa7 23. bxc5
Rfd8 $132) 17... a5 18. Rhd1 Be7 19. Rd4 Rxd4 20. Bxd4 Bf6 {with worse,but
defendable position.}) 17. Ke2 fxe4 18. Rhd1 a6 19. c5 $1 {Showing his
intention to take a pawn on e4.} c6 20. Rxd8+ Rxd8 21. Rc1 Ba5 22. Rc4 Bc7 23.
Rxe4 e5 (23... Kd7) 24. Rh4 Rh8 25. Rg4 Rg8 26. Rh4 Rh8 27. Kd3 Kd7 28. Rb4 a5
29. Rb3 Rf8 30. Kc4 $5 {30.Ke4 with forthcoming f2-f3,g3-g4,h2-h4-h5,Rb7-a7
also deserved attention.} g6 31. a3 Ra8 {Black can do nothing,but to wait for
white's action.} 32. Bh6 Ke6 33. Rf3 Rd8 34. b4 a4 (34... Rd4+ 35. Kc3 axb4+
36. axb4 Kd5 37. Rf7 $18) 35. Bg5 Rd4+ 36. Kc3 Bd8 37. Bxd8 Rxd8 38. Rd3 $18
Rf8 39. Rd6+ Ke7 40. f4 $1 {Reducing the number of possible opponent's passed
pawns.} exf4 41. gxf4 Rxf4 42. Rxc6 Rf3+ 43. Kc4 Rxa3 44. Rc7+ Ke6 45. Ra7 Ra1
46. Kb5 a3 47. Kc6 h5 48. b5 {Nothing can stop white pawns,so} 1-0